[Event "World Blitz 2023"]
[Site "Samarkand UZB"]
[Date "2023.12.29"]
[EventDate "2023.12.29"]
[Round "8.27"]
[Result "1-0"]
[White "Klementy Sychev"]
[Black "Mamikon Gharibyan"]
[WhiteElo "2583"]
[BlackElo "2444"]
[PlyCount "62"]

1. e4 e5 2. Nf3 Nc6 3. d4 exd4 4. Nxd4 Qf6 5. Ne2 Bc5 6. Nf4 Nge7 7. Be2
O-O 8. O-O Ng6 9. Nd5 Qd8 10. Nbc3 a6 11. Kh1 d6 12. f4 f5 13. Rb1 Nd4 14.
Bc4 Kh8 15. b4 Ba7 16. Be3 c5 17. Bxd4 cxd4 18. Ne2 fxe4 19. Nxd4 Bd7 20.
Bb3 Rc8 21. f5 Ne7 22. Nf4 Nxf5 23. Nxf5 Bxf5 24. Qh5 g6 25. Qh6 e3 26. Be6
e2 27. Bxf5 exf1=Q+ 28. Rxf1 Rxf5 29. Nxg6+ Kg8 30. Rxf5 Rxc2 31. Rf8+ 1-0

[Event "World Blitz 2023"]
[Site "Samarkand UZB"]
[Date "2023.12.29"]
[EventDate "2023.12.29"]
[Round "8.28"]
[Result "1/2-1/2"]
[White "Vadim Zvjaginsev"]
[Black "Mukhiddin Madaminov"]
[WhiteElo "2570"]
[BlackElo "2460"]
[PlyCount "78"]

1. d4 Nf6 2. Nf3 g6 3. g3 Bg7 4. Bg2 O-O 5. O-O d5 6. c3 a5 7. Re1 a4 8.
Nbd2 Nbd7 9. e4 dxe4 10. Nxe4 Nxe4 11. Rxe4 Nf6 12. Re1 c6 13. Bf4 Bg4 14.
Be5 e6 15. Qc2 Bxf3 16. Bxf3 Nd5 17. Bxg7 Kxg7 18. c4 Nc7 19. Qc3 Qf6 20.
Kg2 Rfd8 21. Rad1 Rd7 22. Qb4 Rad8 23. Re4 Rxd4 24. Rdxd4 Rxd4 25. Qxb7 Ne8
26. Qxc6 Nd6 27. Rxd4 Qxd4 28. Qxa4 Qxb2 29. c5 Nf5 30. Qb3 Qc1 31. c6 Nd4
32. Qd3 Nxc6 33. Bxc6 Qxc6+ 34. Qf3 Qa4 35. a3 e5 36. Qc3 Qe4+ 37. Kg1 Qb1+
38. Kg2 Qe4+ 39. Kg1 1/2-1/2

[Event "World Blitz 2023"]
[Site "Samarkand UZB"]
[Date "2023.12.29"]
[EventDate "2023.12.29"]
[Round "8.29"]
[Result "0-1"]
[White "Savva Vetokhin"]
[Black "Maksim Chigaev"]
[WhiteElo "2483"]
[BlackElo "2561"]
[PlyCount "108"]

1. d4 Nf6 2. c4 g6 3. Nc3 Bg7 4. e4 d6 5. Nf3 O-O 6. Be2 e5 7. O-O exd4 8.
Nxd4 Re8 9. f3 c6 10. Kh1 Nbd7 11. Bf4 Nh5 12. Be3 Qh4 13. Bf2 Qg5 14. Qc1
Qxc1 15. Raxc1 Nf4 16. Be3 Nxe2 17. Ndxe2 f5 18. Rcd1 fxe4 19. fxe4 Ne5 20.
b3 Nf7 21. h3 b6 22. Bd4 Bb7 23. Bxg7 Kxg7 24. Nf4 Re7 25. Kh2 Rae8 26. Rf2
h5 27. Kg1 h4 28. Rdf1 Bc8 29. Nd3 Ng5 30. Rf4 Bxh3 31. Rxh4 Bc8 32. Rhf4
Be6 33. Ne1 Bg8 34. Nf3 Nxe4 35. Nxe4 Rxe4 36. Rxe4 Rxe4 37. Rd1 d5 38.
cxd5 Bxd5 39. Kf2 Kf6 40. Rh1 a5 41. Rh7 a4 42. Rb7 axb3 43. axb3 b5 44.
Nd2 Rd4 45. Ke3 Rg4 46. Rc7 Ke5 47. Nf3+ Kd6 48. Rg7 Rxg2 49. Nh4 Rg3+ 50.
Kd2 Rxb3 51. Rxg6+ Kc5 52. Nf5 Be4 53. Rg3 Rb2+ 54. Kc1 Rc2+ 0-1

[Event "World Blitz 2023"]
[Site "Samarkand UZB"]
[Date "2023.12.29"]
[EventDate "2023.12.29"]
[Round "8.30"]
[Result "1-0"]
[White "Rinat Jumabayev"]
[Black "Mukhammadzokhid Suyarov"]
[WhiteElo "2561"]
[BlackElo "2449"]
[PlyCount "112"]

1. Nf3 Nf6 2. g3 d5 3. Bg2 Bg4 4. c4 c6 5. Ne5 Bf5 6. Qb3 Nbd7 7. d4 Qb6 8.
cxd5 Qxb3 9. axb3 cxd5 10. Nc3 e6 11. Nb5 Bb4+ 12. Bd2 Bxd2+ 13. Kxd2 O-O
14. Nxd7 Nxd7 15. Nxa7 Nb8 16. Nc8 Rxa1 17. Ne7+ Kh8 18. Rxa1 Bg6 19. e3
Na6 20. Nxg6+ hxg6 21. Bf1 Nc7 22. Rc1 Na8 23. Bb5 Rd8 24. h4 Kg8 25. Ra1
Kf8 26. Ra7 Rb8 27. b4 Nb6 28. b3 Nc8 29. Ra1 Ke7 30. Rc1 Kd8 31. Ra1 Nd6
32. Bd3 Kc7 33. f3 Rh8 34. e4 dxe4 35. fxe4 f6 36. Ra5 Kb6 37. Rc5 Nf7 38.
e5 f5 39. Bc4 Re8 40. Ke3 g5 41. Rb5+ Kc7 42. hxg5 Nxg5 43. d5 exd5 44.
Rc5+ Kb6 45. Rxd5 Ne4 46. Kf4 Rf8 47. e6 g5+ 48. Ke5 Nxg3 49. Bb5 f4 50. e7
Rf5+ 51. Ke6 Rxd5 52. Kxd5 Nh5 53. Ke5 Ng7 54. Kf6 f3 55. Kxg7 g4 56. e8=Q
1-0

[Event "World Blitz 2023"]
[Site "Samarkand UZB"]
[Date "2023.12.29"]
[EventDate "2023.12.29"]
[Round "8.31"]
[Result "0-1"]
[White "Alexander Moiseenko"]
[Black "Venkataraman Karthik"]
[WhiteElo "2556"]
[BlackElo "2440"]
[PlyCount "74"]

1. d4 d5 2. c4 e6 3. Nc3 Nf6 4. Bg5 Be7 5. e3 Nbd7 6. Nf3 h6 7. Bh4 c6 8.
Bd3 O-O 9. O-O dxc4 10. Bxc4 b5 11. Bd3 Bb7 12. a3 a5 13. Ne5 Nxe5 14. dxe5
Nd7 15. Bxe7 Qxe7 16. f4 Nc5 17. Bb1 b4 18. Ne2 Ba6 19. Rf2 Bxe2 20. Rxe2
Rfd8 21. Qc2 g6 22. axb4 axb4 23. Rxa8 Rxa8 24. h3 Ra1 25. Kh2 b3 26. Qd1
Kg7 27. Re1 Qd7 28. Qe2 Qb7 29. Qf2 Qb4 30. Qh4 g5 31. Qg3 Ne4 32. Qf3 Qxe1
33. Bxe4 Qg1+ 34. Kg3 Qd1 35. Qf2 Qe1 36. Bxc6 Qxf2+ 37. Kxf2 Ra2 0-1

[Event "World Blitz 2023"]
[Site "Samarkand UZB"]
[Date "2023.12.29"]
[EventDate "2023.12.29"]
[Round "8.32"]
[Result "0-1"]
[White "Emin Ohanyan"]
[Black "Manuel Petrosyan"]
[WhiteElo "2387"]
[BlackElo "2556"]
[PlyCount "92"]

1. d4 Nf6 2. c4 e6 3. Nf3 d5 4. Nc3 Bb4 5. Bg5 h6 6. Bxf6 Qxf6 7. e3 c5 8.
cxd5 exd5 9. Rc1 c4 10. Be2 Nc6 11. O-O Bxc3 12. bxc3 O-O 13. Rb1 Rb8 14.
Nd2 b5 15. e4 Ne7 16. Bf3 Be6 17. Re1 Rfd8 18. Qc1 Ng6 19. exd5 Bxd5 20.
Bxd5 Rxd5 21. Nxc4 Nf4 22. Ne5 Rc8 23. Qe3 Rdd8 24. Qf3 a6 25. Re4 Nd5 26.
Qxf6 Nxf6 27. Re2 Nd5 28. Ree1 Nxc3 29. Rb2 Rxd4 30. Nf3 Re4 31. Rxe4 Nxe4
32. Kf1 Rc3 33. Ke1 Ra3 34. Re2 Nc3 35. Re8+ Kh7 36. Ne5 f6 37. Nd7 Kg6 38.
Re3 b4 39. Rg3+ Kf7 40. Nc5 Rxa2 41. Rd3 a5 42. Rd7+ Kg6 43. g4 a4 44. f4
b3 45. f5+ Kg5 46. Rxg7+ Kh4 0-1

[Event "World Blitz 2023"]
[Site "Samarkand UZB"]
[Date "2023.12.29"]
[EventDate "2023.12.29"]
[Round "8.33"]
[Result "1-0"]
[White "Ter-Sahakyan, Samvel"]
[Black "Cem Kaan Gokerkan"]
[WhiteElo "2556"]
[BlackElo "2365"]
[PlyCount "126"]

1. e4 e5 2. Nf3 Nf6 3. Nxe5 d5 4. d4 Nxe4 5. Bd3 Nd7 6. Nc3 Nxc3 7. bxc3
Bd6 8. O-O O-O 9. Re1 c5 10. Qf3 c4 11. Bf5 Nxe5 12. dxe5 Re8 13. Bxc8 Rxc8
14. Bg5 Qxg5 15. exd6 Re6 16. h4 Qf6 17. Qxd5 Rxd6 18. Qxb7 Rcd8 19. Qxa7
Qxh4 20. Qe7 Qxe7 21. Rxe7 Rd2 22. a4 g6 23. a5 Rd1+ 24. Re1 R1d7 25. Re4
Rd1+ 26. Re1 R1d7 27. a6 Ra7 28. Ra4 Rd6 29. Rea1 h5 30. Kf1 Re6 31. f3 Kg7
32. Kf2 Rd6 33. Ke3 Kf6 34. Ra5 Re7+ 35. Kf4 Ra7 36. R1a4 Kg7 37. Ke5 Re6+
38. Kd5 h4 39. Rxc4 Rexa6 40. Rxa6 Rxa6 41. Rxh4 Ra2 42. c4 Rxc2 43. g4 Rc3
44. Rh3 g5 45. c5 Kg6 46. c6 f5 47. gxf5+ Kxf5 48. Kd6 Rd3+ 49. Ke7 Re3+
50. Kd7 Rd3+ 51. Ke8 Re3+ 52. Kd8 Rd3+ 53. Kc8 Kf4 54. Rh8 Rc3 55. Rf8+ Ke5
56. c7 Kd6 57. Rf6+ Ke5 58. Rf8 Kd6 59. Rd8+ Ke5 60. Rg8 Kf4 61. Rf8+ Ke5
62. Kd7 Rd3+ 63. Ke7 Kd5 1-0

[Event "World Blitz 2023"]
[Site "Samarkand UZB"]
[Date "2023.12.29"]
[EventDate "2023.12.29"]
[Round "8.34"]
[Result "0-1"]
[White "Ediz Gurel"]
[Black "Mahammad Muradli"]
[WhiteElo "2359"]
[BlackElo "2551"]
[PlyCount "90"]

1. e4 c5 2. Nf3 d6 3. d4 cxd4 4. Nxd4 Nf6 5. Nc3 a6 6. Be3 e5 7. Nf3 Qc7 8.
a4 Be6 9. a5 Qc6 10. Bd3 h6 11. O-O Be7 12. Qe2 Nbd7 13. Nd2 O-O 14. f3 d5
15. exd5 Nxd5 16. Nxd5 Bxd5 17. Kh1 Rfe8 18. Ne4 f5 19. Nc3 Be6 20. Rad1
Bb4 21. Qf2 Bxa5 22. Ne2 Rad8 23. f4 e4 24. Nd4 Qc8 25. Be2 Nf6 26. c4 Bf7
27. h3 Bb4 28. b3 Be7 29. Rg1 h5 30. g4 fxg4 31. hxg4 Nxg4 32. Bxg4 hxg4
33. f5 Bf6 34. Qf4 Bh5 35. Qh2 Bxd4 36. Bxd4 Qxf5 37. Rdf1 Qg6 38. Be3 Rf8
39. Bf4 Rd3 40. Bg3 Rff3 41. Rxf3 gxf3 42. Be5 f2 43. Qxf2 Rh3+ 44. Bh2
Bf3+ 45. Qxf3 Qxg1+ 0-1

[Event "World Blitz 2023"]
[Site "Samarkand UZB"]
[Date "2023.12.29"]
[EventDate "2023.12.29"]
[Round "8.35"]
[Result "0-1"]
[White "Jakub Seemann"]
[Black "Pavel Ponkratov"]
[WhiteElo "2332"]
[BlackElo "2547"]
[PlyCount "82"]

1. d4 Nf6 2. c4 e6 3. Nc3 Bb4 4. e3 O-O 5. Bd2 Re8 6. Nf3 d5 7. cxd5 exd5
8. Bd3 c6 9. O-O Bg4 10. h3 Bh5 11. Qb3 Qe7 12. Ne5 Bg6 13. Nxg6 hxg6 14.
Rfe1 Nbd7 15. a3 Bxc3 16. bxc3 b5 17. f3 a6 18. e4 c5 19. exd5 Qd6 20. c4
cxd4 21. Bb4 Qg3 22. cxb5 Ne5 23. Rxe5 Qxe5 24. Re1 Qg5 25. Rxe8+ Rxe8 26.
d6 Nh5 27. Be4 Nf4 28. Qc2 axb5 29. Kh2 f5 30. d7 Rd8 31. Bc6 Qf6 32. Ba5
Qd6 33. Bxd8 d3 34. Qa2+ Kh7 35. Bg5 Ne6+ 36. f4 Nxg5 37. d8=Q Qxd8 38.
fxg5 Qd6+ 39. Kg1 Qxc6 40. Qd2 Qc2 41. Qf4 d2 0-1

[Event "World Blitz 2023"]
[Site "Samarkand UZB"]
[Date "2023.12.29"]
[EventDate "2023.12.29"]
[Round "8.36"]
[Result "1-0"]
[White "Artem Uskov"]
[Black "Evgeniy Najer"]
[WhiteElo "2328"]
[BlackElo "2545"]
[PlyCount "56"]

1. e4 e5 2. Nf3 Nc6 3. Bb5 a6 4. Ba4 Nf6 5. O-O Be7 6. Re1 b5 7. Bb3 O-O 8.
h3 Bb7 9. d3 d6 10. c3 Na5 11. Bc2 c5 12. d4 Nd7 13. Nbd2 cxd4 14. cxd4 Rc8
15. Nf1 Qc7 16. Bb1 Bf6 17. d5 g6 18. Ng3 Bg7 19. Bd3 Nc5 20. Bb1 Na4 21.
Qe2 Qxc1 22. Rxc1 Rxc1+ 23. Kh2 Rfc8 24. Qd2 h5 25. b3 R8c3 26. Ne2 Kh7 27.
Nxc1 Bh6 28. Ng5+ 1-0

[Event "World Blitz 2023"]
[Site "Samarkand UZB"]
[Date "2023.12.29"]
[EventDate "2023.12.29"]
[Round "8.37"]
[Result "0-1"]
[White "Sergey Grigoriants"]
[Black "Bobir Sattarov"]
[WhiteElo "2532"]
[BlackElo "2351"]
[PlyCount "120"]

1. e4 e5 2. Nf3 Nc6 3. Bb5 a6 4. Ba4 Bc5 5. c3 Qf6 6. O-O Nge7 7. d4 exd4
8. Bg5 Qg6 9. Bxe7 Bxe7 10. cxd4 O-O 11. Nc3 d6 12. Bxc6 bxc6 13. Qd3 Bd7
14. Rfe1 a5 15. b3 Rab8 16. Rac1 Rb4 17. Qe3 Re8 18. Qf4 Bg4 19. Na4 Bd7
20. Nb2 Bf6 21. Nd3 Rb5 22. e5 Be7 23. Qd2 Bf8 24. exd6 cxd6 25. Rxe8 Bxe8
26. Qe3 Bd7 27. h3 a4 28. bxa4 Ra5 29. Nf4 Qf5 30. Ne2 Rxa4 31. Qb3 Qa5 32.
Nc3 Ra3 33. Qb7 Qa7 34. Qxa7 Rxa7 35. a4 g6 36. Rb1 Be7 37. Kf1 Kg7 38. Ke2
h5 39. Ke3 Bf6 40. Rb6 Bd8 41. Rb3 Be6 42. Rb1 Ba5 43. Ne4 Bc7 44. Nc3 Ba5
45. Ne4 Bf5 46. Rc1 Re7 47. Ng5 f6 48. g4 fxg5 49. gxf5 gxf5 50. f3 fxe4
51. fxe4 Rc7 52. Kd3 Kg6 53. Rf1 Ra7 54. Rf8 Bb4 55. Rc8 c5 56. d5 Rxa4 57.
Rc6 Kf7 58. Kc4 Be1+ 59. Kb5 Rb4+ 60. Ka6 Bg3 0-1

[Event "World Blitz 2023"]
[Site "Samarkand UZB"]
[Date "2023.12.29"]
[EventDate "2023.12.29"]
[Round "8.38"]
[Result "1-0"]
[White "Asrorjon Omonov"]
[Black "Guha Mitrabha"]
[WhiteElo "2069"]
[BlackElo "2512"]
[PlyCount "84"]

1. d4 Nf6 2. c4 c5 3. d5 e6 4. Nc3 d6 5. e4 a6 6. a4 g6 7. Nf3 exd5 8. exd5
Bg7 9. Bd3 O-O 10. h3 Re8+ 11. Be3 Rxe3+ 12. fxe3 Qe7 13. Qe2 Nh5 14. Qf2
Nd7 15. g4 Nhf6 16. O-O-O b5 17. cxb5 axb5 18. Bxb5 Nb6 19. e4 Nxe4 20.
Nxe4 Qxe4 21. Rhe1 Qf4+ 22. Qe3 Qb4 23. Qe8+ Bf8 24. Re4 Qb3 25. Rd3 Qa2
26. Re7 Be6 27. dxe6 Rxe8 28. exf7+ Qxf7 29. Rxf7 Kxf7 30. Ng5+ Kf6 31.
Nxh7+ Kg7 32. Bxe8 Kxh7 33. a5 Nc8 34. Bd7 Na7 35. Rb3 c4 36. Rb7 Bh6+ 37.
Kc2 Be3 38. Be6+ Kh6 39. Bxc4 Kg5 40. b4 Kf4 41. b5 Ke5 42. Rxa7 1-0

[Event "World Blitz 2023"]
[Site "Samarkand UZB"]
[Date "2023.12.29"]
[EventDate "2023.12.29"]
[Round "8.40"]
[Result "0-1"]
[White "Iturrizaga Bonelli, Eduardo"]
[Black "Ramazan Zhalmakhanov"]
[WhiteElo "2645"]
[BlackElo "2427"]
[PlyCount "126"]

1. c4 e5 2. g3 Nc6 3. Bg2 Bc5 4. Nc3 a6 5. Nf3 Ba7 6. O-O d6 7. e3 Nf6 8.
d4 O-O 9. h3 Re8 10. dxe5 dxe5 11. b3 Bf5 12. Ba3 Bd3 13. Re1 e4 14. Nh4
Bb6 15. g4 g6 16. Bh1 Ne5 17. g5 Ba5 18. Bb2 Nh5 19. Nxe4 Bxe1 20. Qxe1
Bxe4 21. Bxe4 Qxg5+ 22. Ng2 Nxc4 23. bxc4 Rxe4 24. Qc3 f6 25. Rd1 Rae8 26.
Rd5 Qh6 27. Qb3 Qg7 28. Qxb7 Qf7 29. Qxa6 g5 30. Qc6 R4e6 31. Qc5 Ng7 32.
a4 Qe7 33. Qa5 Rd6 34. Ba3 Rxd5 35. Qxd5+ Qe6 36. Qb5 c6 37. Qc5 Qxh3 38.
Qxc6 Rd8 39. Bd6 Nf5 40. Qd5+ Kg7 41. Qb7+ Kg6 42. Bb4 Rd1+ 43. Ne1 Qg4+
44. Kh2 Qh4+ 45. Kg2 Qxc4 46. Qb8 Nh4+ 47. Kh2 Rxe1 48. Qe8+ Qf7 49. Qe4+
f5 50. Qc6+ Qf6 51. Qe8+ Kg7 52. Qd7+ Kh6 53. Bxe1 Nf3+ 54. Kg2 Nxe1+ 55.
Kf1 Nf3 56. Qb7 g4 57. Qb1 Kg5 58. Kg2 h5 59. Qb4 Qe5 60. Kf1 h4 61. Qf8
Qa1+ 62. Ke2 Qb2+ 63. Kd3 Qb3+ 0-1

[Event "World Blitz 2023"]
[Site "Samarkand UZB"]
[Date "2023.12.29"]
[EventDate "2023.12.29"]
[Round "8.42"]
[Result "1/2-1/2"]
[White "V Pranav"]
[Black "Abdimalik Abdisalimov"]
[WhiteElo "2562"]
[BlackElo "2417"]
[PlyCount "168"]

1. e4 c5 2. Nf3 d6 3. d4 cxd4 4. Nxd4 Nf6 5. Nc3 a6 6. h3 e6 7. g4 h6 8.
Bg2 Be7 9. O-O O-O 10. Be3 Nc6 11. f4 Nxd4 12. Qxd4 Nd7 13. Rad1 b5 14. a4
Rb8 15. Qd3 b4 16. Ne2 Qc7 17. b3 Bb7 18. Rf2 Nc5 19. Qc4 Rfc8 20. Bxc5
Qxc5 21. Qxc5 Rxc5 22. Nd4 Rbc8 23. Rdd2 R8c7 24. Rfe2 Kf8 25. Bf3 Bf6 26.
e5 dxe5 27. Bxb7 Rxb7 28. fxe5 Bxe5 29. Nf3 Bf4 30. Rd8+ Ke7 31. Rd4 g5 32.
Kf1 a5 33. Rd3 Rbc7 34. Ne1 Kf6 35. Rf3 Kg6 36. Re4 h5 37. Re2 hxg4 38.
hxg4 R5c6 39. Kf2 e5 40. Rd3 f5 41. gxf5+ Kxf5 42. Rd5 Rc5 43. Rd8 g4 44.
Rf8+ Kg6 45. Rg8+ Kf5 46. Rf8+ Kg6 47. Rg8+ Rg7 48. Rf8 Rf7 49. Rg8+ Rg7
50. Rf8 Rh7 51. Kg1 Rf7 52. Rg8+ Kf5 53. Nd3 Rcc7 54. Re8 Rce7 55. Ra8 Ra7
56. Re8 Rfe7 57. Rf8+ Kg5 58. Rg8+ Rg7 59. Re8 Rae7 60. Ra8 Ra7 61. Re8
Rae7 62. Ra8 g3 63. Rxa5 Kg4 64. Nxe5+ Kh3 65. Re4 Bxe5 66. Raxe5 Rxe5 67.
Rxe5 Rc7 68. Rh5+ Kg4 69. Rh8 Rxc2 70. Rg8+ Kf4 71. Rf8+ Ke4 72. Rg8 Rc3
73. a5 Rxb3 74. a6 Ra3 75. Rb8 Kf3 76. Rf8+ Ke3 77. Rb8 Kf3 78. Rf8+ Kg4
79. Rg8+ Kh4 80. Rh8+ Kg4 81. Rg8+ Kf4 82. Rf8+ Ke3 83. Rb8 b3 84. a7 Rxa7
1/2-1/2

[Event "World Blitz 2023"]
[Site "Samarkand UZB"]
[Date "2023.12.29"]
[EventDate "2023.12.29"]
[Round "8.43"]
[Result "1-0"]
[White "Mittal Aditya"]
[Black "Robert Ruck"]
[WhiteElo "2425"]
[BlackElo "2561"]
[PlyCount "34"]

1. d4 Nf6 2. c4 e6 3. Nc3 Bb4 4. f3 c5 5. d5 O-O 6. e4 d6 7. Bd3 Nbd7 8.
Ne2 Ne5 9. O-O exd5 10. cxd5 c4 11. Bc2 Bd7 12. Be3 b5 13. Nd4 Bc5 14. Qd2
a6 15. h3 Re8 16. Rae1 Rc8 17. a3 Qb6 1-0

[Event "World Blitz 2023"]
[Site "Samarkand UZB"]
[Date "2023.12.29"]
[EventDate "2023.12.29"]
[Round "8.44"]
[Result "1-0"]
[White "Arystanbek Urazayev"]
[Black "Van Foreest, Lucas"]
[WhiteElo "2408"]
[BlackElo "2519"]
[PlyCount "70"]

1. e4 e5 2. Nf3 Nc6 3. Bb5 Nf6 4. d3 d6 5. O-O a6 6. Ba4 b5 7. Bb3 Na5 8.
Re1 Be7 9. h3 O-O 10. Nc3 Bb7 11. Bg5 h6 12. Bxf6 Bxf6 13. Nd5 Re8 14. c4
Nxb3 15. Qxb3 Rb8 16. cxb5 axb5 17. Qxb5 Bxd5 18. Qxd5 Rxb2 19. a4 Qa8 20.
Qc4 Qa5 21. Reb1 Rxb1+ 22. Rxb1 Ra8 23. h4 Bd8 24. h5 Kf8 25. Ra1 Rb8 26.
Qc2 Bg5 27. Nxg5 hxg5 28. Qc1 f6 29. Qc4 Ke7 30. Rc1 c5 31. Ra1 Rh8 32. Rb1
Rd8 33. Rb7+ Rd7 34. Rxd7+ Kxd7 35. Qf7+ Kc6 1-0

[Event "World Blitz 2023"]
[Site "Samarkand UZB"]
[Date "2023.12.29"]
[EventDate "2023.12.29"]
[Round "8.45"]
[Result "1-0"]
[White "Zhandos Agmanov"]
[Black "Boris Savchenko"]
[WhiteElo "2407"]
[BlackElo "2513"]
[PlyCount "120"]

1. e4 c5 2. Nf3 d6 3. d4 cxd4 4. Nxd4 Nf6 5. Nc3 a6 6. Be3 Ng4 7. Bc1 Nf6
8. Be3 Ng4 9. Bc1 g6 10. f3 Nf6 11. Be3 Bg7 12. Qd2 h6 13. O-O-O b5 14. Kb1
Nbd7 15. Be2 Bb7 16. Rhe1 Rc8 17. Nb3 Ne5 18. Nd5 Nxd5 19. exd5 Nc4 20.
Bxc4 bxc4 21. Na5 c3 22. Qe2 Qd7 23. b3 O-O 24. Bd4 Bxd4 25. Rxd4 Rfe8 26.
Qe3 Kg7 27. Nc4 Qf5 28. Qxc3 Qf6 29. Qd2 Bxd5 30. Nb6 Be6 31. Nxc8 Rxc8 32.
Rc1 h5 33. Rf4 Bf5 34. g4 e5 35. Ra4 hxg4 36. fxg4 Be6 37. Qxd6 Qf3 38.
Qxe5+ Kh7 39. Rf4 Qh3 40. g5 Rd8 41. Qf6 Rd2 42. Qe7 Kg7 43. Qf6+ Kh7 44.
Qe5 Rxh2 45. Rd4 Qf5 46. Qxf5 gxf5 47. c4 Kg6 48. c5 Kxg5 49. c6 f4 50. c7
Bf5+ 51. Ka1 Kg4 52. Rg1+ Kf3 53. Rf1+ Ke3 54. Rdxf4 Bc8 55. R4f3+ Kd4 56.
Rxf7 Rc2 57. Rd1+ Ke5 58. Rd8 Bg4 59. Kb1 Rc6 60. Kb2 1-0

[Event "World Blitz 2023"]
[Site "Samarkand UZB"]
[Date "2023.12.29"]
[EventDate "2023.12.29"]
[Round "8.46"]
[Result "0-1"]
[White "Benjamin Haldorsen"]
[Black "Rustam Khusnutdinov"]
[WhiteElo "2405"]
[BlackElo "2499"]
[PlyCount "36"]

1. e4 d5 2. exd5 Qxd5 3. Nf3 Nc6 4. Be2 e5 5. Nc3 Qd8 6. O-O Bd6 7. Re1
Nge7 8. Nb5 O-O 9. Nxd6 Qxd6 10. d3 Nf5 11. Bf1 Bd7 12. Ng5 Rad8 13. Qh5
Qg6 14. Qxg6 hxg6 15. c3 a5 16. Ne4 Bc8 17. Bg5 f6 18. Bd2 b6 0-1

[Event "World Blitz 2023"]
[Site "Samarkand UZB"]
[Date "2023.12.29"]
[EventDate "2023.12.29"]
[Round "8.47"]
[Result "0-1"]
[White "Mikhail Bryakin"]
[Black "Maksim Tsaruk"]
[WhiteElo "2495"]
[BlackElo "2378"]
[PlyCount "106"]

1. d4 f5 2. c4 Nf6 3. g3 g6 4. Bg2 Bg7 5. Nc3 O-O 6. Nf3 d6 7. O-O c6 8. d5
e5 9. e4 cxd5 10. cxd5 Na6 11. exf5 gxf5 12. Ng5 Nc7 13. Qb3 Qe7 14. f4 e4
15. Re1 h6 16. Nh3 Qf7 17. Rd1 b6 18. Be3 Bb7 19. Nf2 Ncxd5 20. Nxd5 Bxd5
21. Qa3 Rfd8 22. Bd4 Be6 23. Rd2 d5 24. Nd1 Ng4 25. h3 Bxd4+ 26. Rxd4 Qg7
27. Qb4 Nf6 28. Kh2 Nh5 29. Qc3 Rac8 30. Qe3 Rc2 31. Nc3 Kh8 32. Rad1 Rg8
33. Nxd5 Nxg3 34. R4d2 Ne2 35. Rxe2 Rxe2 36. Qxe2 Bxd5 37. Rxd5 Qg3+ 38.
Kh1 Qxf4 39. Rd7 Qc1+ 40. Rd1 Qc7 41. Qh5 Qg7 42. Rd2 e3 43. Rc2 f4 44. Qf3
Qd4 45. Kh2 Qe5 46. b3 a5 47. Rc6 e2 48. Rc1 e1=Q 49. Rxe1 Qxe1 50. Qxf4
Qe6 51. Be4 Rg5 52. Qf8+ Rg8 53. Qf4 Re8 0-1

[Event "World Blitz 2023"]
[Site "Samarkand UZB"]
[Date "2023.12.29"]
[EventDate "2023.12.29"]
[Round "8.48"]
[Result "1/2-1/2"]
[White "Lev Zverev"]
[Black "Victor Bologan"]
[WhiteElo "2299"]
[BlackElo "2489"]
[PlyCount "188"]

1. e4 c5 2. Nf3 d6 3. d4 cxd4 4. Nxd4 Nf6 5. Nc3 a6 6. h3 e6 7. g4 Nfd7 8.
Bg2 b5 9. O-O Bb7 10. Re1 Be7 11. Be3 g5 12. a4 b4 13. Nce2 h5 14. gxh5
Rxh5 15. Ng3 Rh7 16. a5 Ne5 17. Qe2 Nbc6 18. c3 bxc3 19. bxc3 Qc7 20. Reb1
Bc8 21. Nxc6 Qxc6 22. Bd4 Qc4 23. Qe3 Bd7 24. Bf1 Qc8 25. Qe2 Ng6 26. Be3
Nf4 27. Qd2 e5 28. Bxf4 gxf4 29. Nf5 Bxf5 30. exf5 Qxf5 31. Qd5 Rd8 32. Kh2
Kf8 33. Rb4 Kg7 34. Qd3 Qe6 35. Bg2 Rdh8 36. Rg1 Kf6 37. c4 Qf5 38. Qxf5+
Kxf5 39. Re1 f3 40. Bf1 Rh4 41. Rb3 e4 42. Rb7 Kf6 43. Rb6 Ke5 44. Rb7 Kf6
45. Rb6 R8h5 46. Rxa6 Rc5 47. Ra7 Rf4 48. a6 Ra5 49. c5 dxc5 50. Rd7 Ra2
51. Kg3 Rf5 52. Rxe4 Rg5+ 53. Rg4 Rxg4+ 54. hxg4 Ra3 55. a7 Ke6 56. Rb7
Bd6+ 57. Kh4 Kd5 58. Bb5 c4 59. Be8 c3 60. Rb3 Rxa7 61. Rxc3 Ke6 62. Rxf3
Be5 63. Bb5 Ra5 64. Bc4+ Kd6 65. Rxf7 Ra4 66. Bd3 Rf4 67. Rxf4 Bxf4 68. g5
Ke5 69. Kh5 Bc1 70. Kg4 Bd2 71. Bc2 Bc1 72. Bd3 Bd2 73. Be2 Bc1 74. Bf1 Bd2
75. Bg2 Bc1 76. Kh5 Bd2 77. Kg6 Bc1 78. Kh6 Bd2 79. Bf1 Bc1 80. Kg6 Bd2 81.
Bd3 Bc1 82. Kh5 Bd2 83. g6 Kf6 84. Kg4 Bc1 85. Kf3 Bh6 86. Ke2 Bg5 87. Kd1
Bf4 88. Kc2 Bh6 89. Kb3 Bf8 90. Kc4 Kg7 91. Kd5 Be7 92. f4 Bf6 93. f5 Bb2
94. Ke6 Ba1 1/2-1/2

[Event "World Blitz 2023"]
[Site "Samarkand UZB"]
[Date "2023.12.29"]
[EventDate "2023.12.29"]
[Round "8.49"]
[Result "1-0"]
[White "Murtas Kazhgaleyev"]
[Black "Munkhdalai Amilal"]
[WhiteElo "2488"]
[BlackElo "2293"]
[PlyCount "82"]

1. d4 Nf6 2. c4 e6 3. Nc3 Bb4 4. e3 c5 5. Bd3 O-O 6. Ne2 b6 7. a3 Bxc3+ 8.
Nxc3 Bb7 9. O-O Nc6 10. Bc2 cxd4 11. exd4 d5 12. Bg5 h6 13. cxd5 hxg5 14.
dxc6 Bxc6 15. Qd3 Qd6 16. Rfe1 Rad8 17. Rad1 g4 18. Qe3 Qc7 19. Bb1 Qb7 20.
Qg3 Rd7 21. h3 Rfd8 22. hxg4 Rxd4 23. g5 Rxd1 24. Rxd1 Rxd1+ 25. Nxd1 Ne4
26. Qe5 Qd7 27. Qb8+ Kh7 28. Nc3 Qd2 29. Bxe4+ Bxe4 30. Qe5 Bg6 31. b4 Qc1+
32. Kh2 Qxa3 33. Qd4 a5 34. bxa5 bxa5 35. Ne2 Qb4 36. Qe3 a4 37. Nf4 a3 38.
Qh3+ Kg8 39. Nxg6 Qd6+ 40. Kg1 fxg6 41. Qb3 Qa6 1-0

[Event "World Blitz 2023"]
[Site "Samarkand UZB"]
[Date "2023.12.29"]
[EventDate "2023.12.29"]
[Round "8.50"]
[Result "0-1"]
[White "Khumoyun Begmuratov"]
[Black "Kazybek Nogerbek"]
[WhiteElo "2276"]
[BlackElo "2488"]
[PlyCount "108"]

1. e4 e5 2. Nf3 Nc6 3. Bb5 a6 4. Ba4 Nf6 5. d3 d6 6. c3 g6 7. O-O Bg7 8.
Re1 O-O 9. Nbd2 b5 10. Bb3 Na5 11. Bc2 c5 12. Nf1 Nc6 13. h3 h6 14. Ng3 d5
15. a4 Be6 16. exd5 Qxd5 17. Ne4 Nxe4 18. dxe4 Qxd1 19. Rxd1 Na5 20. axb5
axb5 21. Be3 Nb3 22. Rxa8 Rxa8 23. Bxb3 Bxb3 24. Rd6 Bc2 25. Nd2 Bf8 26.
Rd5 b4 27. Bxc5 b3 28. Bxf8 Kxf8 29. f3 f6 30. Rb5 Ra1+ 31. Kh2 Ra2 32.
Nxb3 Rxb2 33. Nd4 Ra2 34. Rb8+ Kf7 35. Rb7+ Kg8 36. Ne6 g5 37. Rg7+ Kh8 38.
Rg6 Kh7 39. Nf8+ Kh8 40. Ne6 Kh7 41. Rxf6 Bd3 42. Rf7+ Kg6 43. Rf5 Bf1 44.
Kg1 Bxg2 45. c4 Bxh3 46. Rxe5 Kf6 47. Nxg5 Kxe5 48. Nxh3 Rc2 49. Nf2 Kf4
50. Nd3+ Kg3 51. Kf1 h5 52. e5 h4 53. e6 h3 54. Ne1 Rf2+ 0-1

[Event "World Blitz 2023"]
[Site "Samarkand UZB"]
[Date "2023.12.29"]
[EventDate "2023.12.29"]
[Round "8.51"]
[Result "0-1"]
[White "Bakhrom Bakhrillaev"]
[Black "Ilia Iljiushenok"]
[WhiteElo "1994"]
[BlackElo "2479"]
[PlyCount "90"]

1. d4 Nf6 2. c4 e6 3. Nc3 Bb4 4. e3 O-O 5. Bd3 d5 6. Nf3 dxc4 7. Bxc4 c5 8.
O-O cxd4 9. exd4 b6 10. Qe2 Bb7 11. Rd1 Bxc3 12. bxc3 Qc7 13. Bd3 Nbd7 14.
c4 Rac8 15. Ba3 Rfe8 16. Ne5 Nf8 17. Rac1 Ng6 18. Qe3 Red8 19. h3 Qb8 20.
Bb1 Qa8 21. f3 Qb8 22. Qg5 Qc7 23. h4 h6 24. Qg3 Nh5 25. Qe1 Nxe5 26. dxe5
Nf4 27. Bd6 Qd7 28. Qe3 Ng6 29. Rd4 Qe8 30. h5 Ne7 31. Rg4 Nf5 32. Bxf5
exf5 33. Rd4 Qe6 34. Qb3 Ba6 35. Qa4 Bb7 36. Qxa7 Bc6 37. Qxb6 f6 38. f4
Qe8 39. Ba3 Rxd4 40. Qxd4 Qxh5 41. exf6 Qg6 42. Rc2 Re8 43. fxg7 Qg3 44.
Re2 Rxe2 45. Qd8+ Re8 0-1